00548nam a2200193 a 4500001001300000003000900013005001700022008004100039020002500080082001400105100002200119245006600141260004000207300000900247500003500256505001600291650002500307700002200332nice12345678IN_TiNIC20260116014935.0050524s1989 jeda grp 000 0 eng  a0340509 c559.200a291bGOL2 aGoldsmith, Martin aWhat About Other Faiths? Is Jesus Christ the Only Way to God? aJeddahbHodder and Stoughton c1989 a186p aincludes index and biblioraphy2 aBiblography aComparative Religion1 aGoldsmith, Martin